កំណត់ត្រាប្រវត្តិសាស្រ្តខ្មែរ ដំណើរប្រវត្តិរបស់មេដឺកនាំខ្មែរក្រហម / (Record no. 6688)

MARC details
000 -LEADER
fixed length control field 02778nam a22002297a 4500
001 - CONTROL NUMBER
control field 6688
003 - CONTROL NUMBER IDENTIFIER
control field FISKH
005 - DATE AND TIME OF LATEST TRANSACTION
control field 20250521093637.0
008 - FIXED-LENGTH DATA ELEMENTS--GENERAL INFORMATION
fixed length control field 250521b cb ||||| |||| 00| 0 eng d
040 ## - CATALOGING SOURCE
Original cataloging agency FISKH
Language of cataloging khr
Transcribing agency FISKH
Modifying agency FISKH
082 ## - DEWEY DECIMAL CLASSIFICATION NUMBER
Classification number 900
100 ## - MAIN ENTRY--PERSONAL NAME
Personal name Sovan Ni, Sin
245 ## - TITLE STATEMENT
Title កំណត់ត្រាប្រវត្តិសាស្រ្តខ្មែរ ដំណើរប្រវត្តិរបស់មេដឺកនាំខ្មែរក្រហម /
Statement of responsibility, etc. ស្រាវជ្រាវដកស្រង់ប្រមូលរៀបរៀងដោយ សុិន សុវណ្ណនិ
260 ## - PUBLICATION, DISTRIBUTION, ETC.
Place of publication, distribution, etc. ភ្នំពេញ :
Date of publication, distribution, etc. ២០១២ .
300 ## - PHYSICAL DESCRIPTION
Extent 356 pges :
Other physical details illustrations ;
Dimensions 21 cm .
520 ## - SUMMARY, ETC.
Summary, etc. ខ្មែរក្រហមត្រូវបានប្រើជាដំបូងដោយសម្តេច នរោត្តមសីហនុ​ ។​នៅក្នុងកំឡុងទស្សវត្សឆ្នាំ៩០ សម្តេចនរោត្តមសីហនុដែលជាប្រមុខដឺកនាំចលនាសង្គមរាស្រ្តនិយម បានធ្វើការបែងចែកខ្មែរជាបីពណ៏យោងទៅតាម និន្នាការនយោបាយរបស់ពួកគេ គី ខ្មែរ ស សំដៅលើខ្មែរអ្នករាជានិយម , ខ្មែរខៀវជាខ្មែរអ្នកសាធារណរដ្ឋនិយម និង​ ខ្មែរក្រហម គីក្រុមខ្មែរកុម្មុយនីស្តនិយម។ ប៉ុន្តែពីដំបូង ពាក្យថា ខ្មែរក្រហមនេះ ត្រូវបានប្រើដោយសំដៅទៅលើក្រុមឆ្វេងនិយម នៅក្នុងចលនាសង្គមរាស្រ្តនិយមរបស់ព្រះអង្គផ្ទាល់​។​
520 ## - SUMMARY, ETC.
Summary, etc. The term Khmer Rouge was first used by Samdech Norodom Sihanouk. During the 1990s, Samdech Norodom Sihanouk, who was the leader of the National United Front of Kampuchea (FUNK), categorized the Khmer people into three color-coded groups based on their political leanings:<br/><br/>Khmer Serei (White Khmer) referred to royalist supporters,<br/><br/>Khmer Khiev (Blue Khmer) referred to republicans,<br/><br/>and Khmer Krahom (Red Khmer) referred to communists.<br/><br/>However, from the beginning, the term Khmer Rouge was specifically used by Prince Sihanouk to refer to leftist elements within his own National United Front movement.
650 ## - SUBJECT ADDED ENTRY--TOPICAL TERM
Topical term or geographic name entry element ខ្មែរក្រហម
650 ## - SUBJECT ADDED ENTRY--TOPICAL TERM
Topical term or geographic name entry element Khmer Rough
942 ## - ADDED ENTRY ELEMENTS (KOHA)
Source of classification or shelving scheme Dewey Decimal Classification
Koha item type Khmer Books
Suppress in OPAC No
Holdings
Withdrawn status Lost status Source of classification or shelving scheme Damaged status Not for loan Collection Home library Current library Shelving location Date acquired Total Checkouts Full call number Barcode Date last seen Price effective from Koha item type
    Dewey Decimal Classification     Khmer Language Books / សៀវភៅភាសាខ្មែរ Footprints International School Library Network Toul Tom Poung Campus Footprints International School Library Network Toul Tom Poung Campus TTP Secondary Khmer Bookshelves 05/21/2025   SOV 900 FIS03908 05/21/2025 05/21/2025 Khmer Books